000 00285nam a22001217a 4500
008 170324b xxu||||| |||| 00| 0 eng d
041 _aeng
080 _a615.83
100 _a8
101 _aSHM
245 _aA PHYSIOLOGY APROACH THE CLINICAL EXAMINATION
_cJUDGE.R.D
942 _2udc
_cBK
999 _c8545
_d8545